| 000 | 00000nam##2200000za#4500 |
| 001 | 9.580340 |
| 003 | CaOODSP |
| 005 | 20210624191006 |
| 007 | cr ||||||||||| |
| 008 | 150406|1980||||xxc|||||o f|0| 0 eng|d |
| 040 | |aCaOODSP|beng |
| 043 | |an-cn--- |
| 086 | 1 |aFs97-13/210E-PDF |
| 110 | 1 |aCanada. |bDepartment of Fisheries and Oceans. |
| 245 | 10|aOceanographic observations during Fisheries Research Surveys off the British Columbia Coast in 1979 / |h[electronic resource]|cby A.J. Dodimead and A. Ballantyne. |
| 260 | |aNanaimo - British Columbia : |bFisheries and Oceans Canada |c1980. |
| 300 | |a96p.|bfigs., tables |
| 490 | 1 |aCanadian data report of fisheries and aquatic sciences|vNo. 210 |
| 500 | |aFile reproduced from original print. On t. p.: Resource Services Branch, Pacific Biological Station, Nanaimo, British Columbia. The catalogue number and ISSN for the print edition appear in the PDF version. |
| 546 | |a(Résumé en français) |
| 590 | |a14-15-Supp|b2014-09-04 |
| 720 | 1 |aDodimead, A. J. |
| 720 | 1 |aBallantyne, A. |
| 830 | #0|aCanadian data report of fisheries and aquatic sciences ;|vNo. 210|w(CaOODSP)9.505124 |
| 856 | 40|ahttp://publications.gc.ca|qPDF|s2323 KB|uhttps://publications.gc.ca/collections/collection_2014/mpo-dfo/Fs97-13-210-eng.pdf|yNo. 210 |